书目信息 |
| 题名: |
英语你得小心说
|
|
| 作者: | 江涛 主编 | |
| 分册: | 商务往来篇 | |
| 出版信息: | 北京 石油工业出版社 2010.01 |
|
| 页数: | 208页 | |
| 开本: | 23cm | |
| 丛书名: | ||
| 单 册: | ||
| 中图分类: | H319.9 | |
| 科图分类: | ||
| 主题词: | 商务--shang wu--英语--口语 | |
| 电子资源: | ||
| ISBN: | 978-7-5021-7493-4 | |
| 000 | 00960nam0 2200265 450 | |
| 001 | 012010227886 | |
| 005 | 20100811170155.00 | |
| 010 | @a978-7-5021-7493-4@dCNY26.80 (含光盘) | |
| 010 | @a978-7-7986-0532-7@b光盘 | |
| 100 | @a20100811d2010 em y0chiy0120 ea | |
| 101 | 0 | @achi@aeng |
| 102 | @aCN@b110000 | |
| 105 | @ay z 000yy | |
| 106 | @ar | |
| 200 | 1 | @a英语你得小心说@Aying yu ni de xiao xin shuo@i商务往来篇@f江涛主编@Fjiang tao zhu bian |
| 210 | @a北京@c石油工业出版社@d2010.01 | |
| 215 | @a208页@d23cm@e光盘1片 | |
| 330 | @a本书是一本英语口语学习书籍。本书是从Peter潘盲盲人摸象般的亲身经历中总结出来的。全书再现了Peter潘说错话的部分真实场景,这在同类书籍中应当可以称作前无古人的。 | |
| 333 | @a英语学习者及相关读者。 | |
| 517 | 1 | @a商务往来篇@Ashang wu wang lai pian |
| 606 | 0 | @a商务@Ashang wu@x英语@x口语 |
| 690 | @aH319.9@v4 | |
| 701 | 0 | @a江涛@Ajiang tao@4主编 |
| 801 | 0 | @aCN@bQSSK@c20100811 |
| 905 | @b786441-43@dH319.9@eJ446@f3 | |
| 英语你得小心说.商务往来篇/江涛主编.-北京:石油工业出版社,2010.01 |
| 208页;23cm+光盘1片 |
| 使用对象:英语学习者及相关读者。 |
| ISBN 978-7-5021-7493-4:CNY26.80 (含光盘) |
| 本书是一本英语口语学习书籍。本书是从Peter潘盲盲人摸象般的亲身经历中总结出来的。全书再现了Peter潘说错话的部分真实场景,这在同类书籍中应当可以称作前无古人的。 |
| ● |
| 相关链接 |
|
|
|
正题名:英语你得小心说
索取号:H319.9/J446
 
预约/预借
| 序号 | 登录号 | 条形码 | 馆藏地/架位号 | 状态 | 备注 |
| 1 | 786441 | 207864417 | 自科二线504/209语言库 100排6列2层/ [索取号:H319.9/J446] | 在馆 | |
| 2 | 786442 | 207864426 | 语言库209/209语言库 59排7列6层/ [索取号:H319.9/J446] | 在馆 | |
| 3 | 786443 | 207864435 | 语言库209/209语言库 59排7列6层/ [索取号:H319.9/J446] | 在馆 |